1738 1606 1363 1210 1346 1194 1204 1660 1478 1075 1619 1684 1435 1702 1773 1344 1119 1778 1730 1962 1173 1387 1769 1541 1262 1762 1789 1285 1288 1425 1070 1571 1721 1673 1337 1526 1791 1887 1962 1807 1043 1104 1014 1056 1376 1363 1251 1637 1283 1423 1945 1130 1863 1293 1445 1046 1668 1322 1540 1986 1860 1361 1283 1083 1307 1187 1455 1987 1335 1140 1380 1270 1337 1731 1970 1793 1065 1940 1152 1915 1528 1711 1420 1300 1978 1537 1627 1405 1398 1842 1852 1196 1789 1265 1158 1400 1282 1670 1809 BCNSPRNW ULIB Ver.6.0+V

เปลี่ยนเป็นภาษาไทย

Change to English
 แสดงรายละเอียดบรรณานุกรม
  กลับหน้าหลัก

Brief Record : Get Marc (ISO 2709) : E-mail record : QR code < ปิดหน้าต่าง
LEADER : 00000nam 2200000uu 4500
001    13399109980
003     ULIB
008    110419s2543||||th 000 0 tha d
020    9742937877
060 04 WF26^bม376น 2543
245 00 แนวทางการป้องกันปอดอักเสบในผู้ป่วยใช้เครื่องช่วยหายใจ :^bในโรงพยาบาลนครราชสีมา 2542 = Guidelines for prevention of ventilator-associated pneumonia /^cบรรณาธิการ, วิมลมาลย์ พงษ์ฤทธิ์ศักดา ... [และคนอื่นๆ]
246 31 Guidelines for prevention of ventilator-associatedpneumonia
250    พิมพ์ครั้งที่ 1
260    นครราชสีมา :^bโรงพยาบาลมหาราชสีมา,^c2543
300    40 หน้า ;^c26 ซม.
650  2 Pneumonia
650  2 เครื่องช่วยหายใจ
650  7 ปอดอักเสบ
650  7 Ventilators, Mechanical
700 0  วิมลมาลย์ พงษ์ฤทธิศักดา,^eบรรณาธิการ
710 2  โรงพยาบาลนครราชสีมา
945    ^p0^l0^i013093
995    ทศพร
999 ^a ใช้งานได้ทุกระบบ
รายการนี้ยังไม่มีแท็ก
คุณยังไม่ได้ล็อกอิน คุณสามารถมีกิจกรรมร่วมกับเว็บไซต์ได้ แต่ต้องล็อกอินก่อน ::
  ล็อกอิน

รายการสื่อสารสนเทศ

ลำดับที่ ประเภท เลขเรียก/บาร์โค้ด สถานที่ สถานะ
- ไม่พบข้อมูล -

รายการใกล้เคียง
    หัวเรื่อง [Pneumonia]
    หัวเรื่อง [เครื่องช่วยหายใจ]
    หัวเรื่อง [ปอดอักเสบ]

BibComment


ยังไม่เคยถูกคอมเมนท์

คอมเมนท์ทรัพยากรรายการนี้
  คอมเมนท์: แนวทางการป้องกันป..


 Copyright 2026. Bcnsprnw @Library